000 00446nam a2200169Ia 4500
008 260429s9999 xx 000 0 und d
020 _a978-1-29202-735-7
082 _a621.382 TOM
100 _aTomasi, Wayne
245 0 _aAdvanced Electronic Communications Systems
250 _a6th ed.
260 _aAmerica:
_bPearson
_c2014
300 _a616p.
600 _aElectronics Communication
650 _aElectrical Engineering
942 _cBBD
999 _c33646
_d33646